00593nam a22001937a 45000010005000000030009000050050017000140070005000310080048000360400022000841000017001062450111001232600041002343000027002754900017003027000033003197000030003528300017003820074DO-SdBNP20180130130808.00074151008b sp 1958 xxu||||| |||| 00| 0 spa d aBPMSUbspacBPMSU10aBlyton, Enid10aMisterio en la feria /cEnid Blyton ; traducción C. Peraire del Molino; ilustración José María Bea aBarcelona, España :bMolino,c1958 a207 p. :bil.,c20 cm. aAventurav1210aPeraire Del Molino, C.,etr.10aBea, José María,eil.00aAventuran12